000
00283nam a2200121Ia 4500
008
190216s9999||||xx |||||||||||||| ||und||
100
_a
Thornley G C
245
0
_a
Power And Progress
260
_b
Longman &green &co
_c
1969
300
_a
126p
650
_a
English Essay
942
_c
BK
999
_c
11729
_d
11729